000 00613nam a2200229Ia 4500
003 OSt
005 20220927105419.0
006 a|||||r|||| 00| 0
007 ta
008 220926b |||||||| |||| 00| 0 eng d
024 _a192263
037 _cReference Collections
040 _aRTL
_cRTL
_beng
041 _2eng
_aeng
082 _a"Y9(T:3),136, J3"
100 _aMALONE Dumas
_9372303
245 0 _aJefersonian heritage
260 _aBoston
_bBeacon Press
_c1953
300 _a165p.
_ccm.
942 _h"Y9(T:3),136, J3"
_cCC
999 _c692414
_d692414